Normal view
MARC view
- ECONOMIC DEVELIOMENT-RESEARCH
Entry Topical Term
001 - CONTROL NUMBER
- control field: 65185
003 - CONTROL NUMBER IDENTIFIER
- control field: NUST
005 - DATE AND TIME OF LATEST TRANSACTION
- control field: 20210628203409.0
008 - FIXED-LENGTH DATA ELEMENTS
- fixed length control field: 210628|| aca||aabn | a|a d
040 ## - CATALOGING SOURCE
- Original cataloging agency: NUST
- Transcribing agency: NUST
150 ## - HEADING--TOPICAL TERM
- Topical term or geographic name entry element: ECONOMIC DEVELIOMENT-RESEARCH
670 ## - SOURCE DATA FOUND
- Source citation: Work cat.: (NUST): Phillips, Lucie Colvin, Seck, Diery 65184, Fixing african economies, policy research for development, 2004
